| 000 | 00912nam a22002777a 4500 | ||
|---|---|---|---|
| 005 | 20170124105910.0 | ||
| 010 | _aA-835739 | ||
| 020 |
_c00 _a1860351654 |
||
| 035 | _aA-835739 | ||
| 037 | _bCen Lib/Ret | ||
| 040 |
_aDPL _bEN |
||
| 082 | _a649.1 | ||
| 100 | _aMackonochie, Alison | ||
| 245 |
_aNew guide to baby care _cby Alison Mackonochie; edited by Elizabeth Longley; illustrated by Ian Sidaway |
||
| 260 |
_aLondon _bAnness Publishing _c1996 |
||
| 270 |
_a1 Boundary Row _bLondon |
||
| 300 |
_a96p. : _c27cm(Hb) _bill. |
||
| 500 | _aIncludes and index | ||
| 650 | _aHealth care | ||
| 650 |
_aHealth Sciences _vBaby care |
||
| 650 | _aस्वास्थ्य सेवा | ||
| 650 |
_aस्वास्थ्य विज्ञान _vशिशु की देखभाल |
||
| 700 | _aLongley, Elizabeth | ||
| 700 | _aSidaway, Ian | ||
| 942 |
_2ddc _cEN _h649.1 _mMAC |
||
| 999 |
_c122456 _d122456 |
||